00581nam a2200253Ia 4500008004000000020001800040041000800058082001300066100002200079245007300101260003200174300001200206650000800218650001100226650000700237650001200244650001300256650000700269650001200276650001700288650000800305650000800313650000600321210210b2012 xxu||||| |||| 00| 0 eng d a9780415253857 aeng a190 FOUM aFOUCAULT (Michel) aMadness and civilizationbA history of insanity in the age of reason aLondonbNot Mentionedc2012 axiv,282 athe areason aof aMadness ainsanity ain ahistory acivilization aand aage aA